00709cam a22002411 4500001000800000005001700008008004100025010001700066035001900083040002700102041000800129042001200137080001100149082001100160100000700171101000800178245006500186504003200251906004500283942001200328999001700340952011000357685916520180131044636.0750630s1925 enka b 000 0 eng  a 25007794  a(OCoLC)1421083 aDLCcFJUNFdOCoLCdDLC aeng apremarc a33 EDG a33 EDG1 a52 aEKO10aPapers relating to political economy,cby F.Y. Edgeworth ... aBibliographical foot-notes. a7bcbccoclcrplduencipf19gy-gencatlg 2ddccBK c41352d41352 00102udc40708PËKGa002b002cPËKGd2018-01-31l0o33 EDGp002-2996805r2018-01-31w2018-01-31yBK